[Event "FICGS class E 000088 email"]
[Site "FICGS email"]
[Date "2008.08.09"]
[Round "1"]
[White "Denchev, Stanimir"]
[Black "Hess, Volker"]
[Result "1-0"]
[WhiteElo "1552"]
[BlackElo "1334"]
[PlyCount "47"]
[EventDate "2008.??.??"]
[EventType "tourn (corr)"]
[EventRounds "5"]
[SourceTitle "Corr 2022"]
[Source "ChessBase"]
[SourceDate "2021.10.24"]
[SourceVersion "1"]
[SourceVersionDate "2021.10.24"]
[SourceQuality "1"]

1. d4 Nf6 2. f4 g6 3. Nd2 Bg7 4. e4 d6 5. Ngf3 0-0 6. Bd3 Na6 7. c3 c5 8. 0-0 Bg4 9. h3 cxd4 10. cxd4 Bxf3 11. Nxf3 Nb4 12. Bb1 Nd7 13. Qb3 Qb6 14. Be3 Rfc8 15. Ng5 e6 16. Nxf7 Bxd4 17. Nh6+ Kg7 18. Ng4 Bxe3+ 19. Nxe3 Nc5 20. Qc3+ Kh6 21. Ng4+ Kh5 22. Qg7 Kh4 23. Qh6+ Kg3 24. Rf3# 1-0

[Event "FICGS rapid D 000007 email"]
[Site "FICGS email"]
[Date "2008.06.23"]
[Round "1"]
[White "Hess, Volker"]
[Black "Agustin, Santos"]
[Result "0-1"]
[WhiteElo "1307"]
[BlackElo "1338"]
[PlyCount "58"]
[EventDate "2008.??.??"]
[EventType "tourn (rapid)"]
[EventRounds "5"]
[SourceTitle "Corr 2022"]
[Source "ChessBase"]
[SourceDate "2021.10.24"]
[SourceVersion "1"]
[SourceVersionDate "2021.10.24"]
[SourceQuality "1"]

1. e4 e6 2. d4 d5 3. Nc3 Bb4 4. e5 b6 5. Nf3 Qd7 6. Bd2 Ne7 7. Bb5 c6 8. Be2 Ba6 9. Bxa6 Nxa6 10. 0-0 c5 11. Ne2 cxd4 12. Nexd4 Bxd2 13. Qxd2 Nc5 14. Qg5 0-0 15. h4 Rac8 16. Qg4 h6 17. g3 Ne4 18. Ng5 hxg5 19. hxg5 Nf5 20. Kg2 Nxd4 21. Rh1 Rxc2 22. Raf1 Rfc8 23. Qh5 Kf8 24. Qh8+ Ke7 25. Qxg7 Nf5 26. Qh7 Qb5 27. g6 Ne3+ 28. Kf3 Qe2+ 29. Kf4 Ng2# 0-1

[Event "FICGS rapid D 000007 email"]
[Site "FICGS email"]
[Date "2008.06.23"]
[Round "1"]
[White "Zaleb, Danilo"]
[Black "Hess, Volker"]
[Result "0-1"]
[WhiteElo "1500"]
[BlackElo "1307"]
[PlyCount "32"]
[EventDate "2008.??.??"]
[EventType "tourn (rapid)"]
[EventRounds "5"]
[SourceTitle "Corr 2022"]
[Source "ChessBase"]
[SourceDate "2021.10.24"]
[SourceVersion "1"]
[SourceVersionDate "2021.10.24"]
[SourceQuality "1"]

1. e4 d6 2. Nf3 Nf6 3. Bc4 g6 4. 0-0 Nxe4 5. d3 Nf6 6. Re1 Bg7 7. Ng5 0-0 8. Nc3 Nc6 9. Bd2 Ne5 10. d4 Nxc4 11. b3 Nxd2 12. Qxd2 c5 13. dxc5 dxc5 14. Qxd8 Rxd8 15. Rxe7 Nd5 16. Nxd5 Bxa1 0-1

[Event "FICGS class E 000083 email"]
[Site "FICGS email"]
[Date "2008.05.24"]
[Round "1"]
[White "Hess, Volker"]
[Black "Smith, Harry"]
[Result "1-0"]
[WhiteElo "1307"]
[BlackElo "1247"]
[PlyCount "39"]
[EventDate "2008.??.??"]
[EventType "tourn (corr)"]
[EventRounds "5"]
[SourceTitle "Corr 2022"]
[Source "ChessBase"]
[SourceDate "2021.10.24"]
[SourceVersion "1"]
[SourceVersionDate "2021.10.24"]
[SourceQuality "1"]

1. e4 e6 2. f4 Nf6 3. Nc3 d5 4. e5 Bc5 5. Nf3 Ne4 6. d4 Be7 7. Nxe4 dxe4 8. Nd2 Qd5 9. c3 e3 10. Nb3 0-0 11. Bxe3 Nc6 12. Qg4 a5 13. Bd3 b6 14. h4 a4 15. Nd2 b5 16. h5 h6 17. f5 exf5 18. Bxf5 Bxf5 19. Qxf5 Qxg2 20. 0-0-0 1-0

[Event "FICGS rapid D 000004 email"]
[Site "FICGS email"]
[Date "2008.05.21"]
[Round "1"]
[White "Hess, Volker"]
[Black "Leurette, Marc Antoine"]
[Result "0-1"]
[WhiteElo "1307"]
[BlackElo "1497"]
[PlyCount "88"]
[EventDate "2008.??.??"]
[EventType "tourn (rapid)"]
[EventRounds "5"]
[SourceTitle "Corr 2022"]
[Source "ChessBase"]
[SourceDate "2021.10.24"]
[SourceVersion "1"]
[SourceVersionDate "2021.10.24"]
[SourceQuality "1"]

1. e4 e5 2. Nf3 Nc6 3. Bb5 a6 4. Ba4 Nf6 5. 0-0 Be7 6. Re1 b5 7. Bb3 d6 8. h3 0-0 9. c3 Na5 10. Bc2 c5 11. d4 Qc7 12. Bg5 h6 13. Bxf6 Bxf6 14. d5 Nc4 15. b3 Nb6 16. Nbd2 c4 17. Nf1 Qe7 18. Ng3 Bd7 19. Nf5 Bxf5 20. exf5 Qb7 21. Be4 cxb3 22. axb3 a5 23. Nh2 b4 24. Ng4 Nd7 25. c4 Nc5 26. Nxf6+ gxf6 27. Qg4+ Kh8 28. Qh4 Kh7 29. Qxf6 Rg8 30. Qxd6 Nxb3 31. f6+ Kh8 32. Qxe5 Rg5 33. Qf4 Nxa1 34. Rxa1 Qc8 35. h4 Qg4 36. Qxg4 Rxg4 37. f3 Rf4 38. d6 Ra7 39. Rd1 Rd7 40. c5 Rxf6 41. c6 Rfxd6 42. Rxd6 Rxd6 43. Kh2 Rd4 44. Kg3 a4 0-1

[Event "FICGS rapid E 000001 email"]
[Site "FICGS email"]
[Date "2008.05.04"]
[Round "1"]
[White "Hess, Volker"]
[Black "Guralivu, Paul Iosif"]
[Result "1/2-1/2"]
[WhiteElo "1307"]
[BlackElo "1071"]
[PlyCount "47"]
[EventDate "2008.??.??"]
[EventType "tourn (rapid)"]
[EventRounds "6"]
[SourceTitle "Corr 2022"]
[Source "ChessBase"]
[SourceDate "2021.10.24"]
[SourceVersion "1"]
[SourceVersionDate "2021.10.24"]
[SourceQuality "1"]

1. e4 c5 2. Nf3 d6 3. d4 cxd4 4. Qxd4 Nc6 5. Bb5 Bd7 6. Bxc6 Bxc6 7. Bg5 Nf6 8. Nc3 e5 9. Qd2 Be7 10. 0-0-0 Nxe4 11. Bxe7 Qxe7 12. Nxe4 Bxe4 13. Qxd6 Qxd6 14. Rxd6 Bxf3 15. gxf3 Rd8 16. Rhd1 Rxd6 17. Rxd6 Ke7 18. Rd3 g5 19. Kd2 Rd8 20. Ke3 Rxd3+ 21. Kxd3 f5 22. c4 h5 23. h3 Kd7 24. b4 1/2-1/2

[Event "FICGS class E 000081 email"]
[Site "FICGS email"]
[Date "2008.04.21"]
[Round "1"]
[White "Hess, Volker"]
[Black "Agustin, Santos"]
[Result "0-1"]
[WhiteElo "1291"]
[BlackElo "1338"]
[PlyCount "36"]
[EventDate "2008.??.??"]
[EventType "tourn (corr)"]
[EventRounds "5"]
[SourceTitle "Corr 2022"]
[Source "ChessBase"]
[SourceDate "2021.10.24"]
[SourceVersion "1"]
[SourceVersionDate "2021.10.24"]
[SourceQuality "1"]

1. e4 e6 2. f4 d5 3. e5 d4 4. Nf3 Nc6 5. Bb5 Nge7 6. 0-0 Bd7 7. d3 Nd5 8. Bxc6 Bxc6 9. Nxd4 Bc5 10. c3 Nxc3 11. bxc3 Bxd4+ 12. cxd4 Qxd4+ 13. Kh1 Qxa1 14. Ba3 Qxa2 15. Qg4 0-0-0 16. Be7 Rxd3 17. Qxg7 Re8 18. Qxf7 Qxg2# 0-1

[Event "FICGS theme 0000 email"]
[Site "FICGS email"]
[Date "2008.04.21"]
[Round "1"]
[White "Hess, Volker"]
[Black "Parmet, Daniel Edward"]
[Result "0-1"]
[WhiteElo "1291"]
[BlackElo "1641"]
[PlyCount "42"]
[EventDate "2008.??.??"]
[EventType "swiss (corr)"]
[EventRounds "1"]
[SourceTitle "Corr 2022"]
[Source "ChessBase"]
[SourceDate "2021.10.24"]
[SourceVersion "1"]
[SourceVersionDate "2021.10.24"]
[SourceQuality "1"]

1. c4 Nf6 2. b4 e6 3. Nf3 Bxb4 4. a3 Be7 5. g3 0-0 6. Bg2 d5 7. cxd5 exd5 8. 0-0 Re8 9. d4 c6 10. Nc3 Bf5 11. Ne5 Nbd7 12. Re1 Nxe5 13. dxe5 Ng4 14. e4 Bc5 15. Be3 d4 16. Bxd4 Bxd4 17. exf5 Bxf2+ 18. Kf1 Bxe1 19. Qxe1 Qd3+ 20. Kg1 Qd4+ 21. Kf1 Nxh2+ 0-1

[Event "FICGS theme 0000 email"]
[Site "FICGS email"]
[Date "2008.04.21"]
[Round "1"]
[White "Sternik, Ryszard"]
[Black "Hess, Volker"]
[Result "1-0"]
[WhiteElo "1878"]
[BlackElo "1291"]
[PlyCount "59"]
[EventDate "2008.??.??"]
[EventType "swiss (corr)"]
[EventRounds "1"]
[SourceTitle "Corr 2022"]
[Source "ChessBase"]
[SourceDate "2021.10.24"]
[SourceVersion "1"]
[SourceVersionDate "2021.10.24"]
[SourceQuality "1"]

1. c4 Nf6 2. b4 e6 3. a3 d5 4. cxd5 exd5 5. Nf3 Bd6 6. Nc3 0-0 7. Nb5 Nc6 8. Nxd6 Qxd6 9. Bb2 Bg4 10. b5 Na5 11. Bc3 Nc4 12. Bb4 c5 13. bxc6 Qxc6 14. Bxf8 Kxf8 15. Qb3 Bxf3 16. gxf3 Rb8 17. e3 b5 18. d3 Na5 19. Qb4+ Kg8 20. Qxa5 b4 21. Rd1 Qc3+ 22. Rd2 Qc1+ 23. Ke2 b3 24. Qxa7 Rc8 25. Bh3 b2 26. Bxc8 Qxh1 27. Rxb2 Qc1 28. Rb8 Qc2+ 29. Kf1 Qxd3+ 30. Kg2 1-0

[Event "FICGS class E 000081 email"]
[Site "FICGS email"]
[Date "2008.04.21"]
[Round "1"]
[White "Zaichenko, Andrey"]
[Black "Hess, Volker"]
[Result "0-1"]
[WhiteElo "1486"]
[BlackElo "1291"]
[PlyCount "84"]
[EventDate "2008.??.??"]
[EventType "tourn (corr)"]
[EventRounds "5"]
[SourceTitle "Corr 2022"]
[Source "ChessBase"]
[SourceDate "2021.10.24"]
[SourceVersion "1"]
[SourceVersionDate "2021.10.24"]
[SourceQuality "1"]

1. b4 a5 2. b5 c6 3. e4 e5 4. Qh5 d6 5. Qd1 Nf6 6. d3 Be7 7. a4 Bd7 8. c4 0-0 9. Be2 d5 10. exd5 cxd5 11. cxd5 Nxd5 12. Nf3 Nb4 13. 0-0 Bf6 14. Nc3 e4 15. Nxe4 Bxa1 16. d4 Bf5 17. Ng3 Bg6 18. Bg5 f6 19. Bc4+ Bf7 20. Bxf7+ Rxf7 21. Be3 Bc3 22. Ne4 Nd5 23. Nxc3 Nxc3 24. Qb3 Ne4 25. d5 Kh8 26. Qc4 Nd6 27. Qg4 Nd7 28. Rd1 Ne5 29. Nxe5 fxe5 30. Bc5 b6 31. Ba3 Rd7 32. Qe6 Nc4 33. Bc1 Qe8 34. Qg4 Nd6 35. Re1 Rc8 36. Qg3 Ne4 37. Qg4 Nf6 38. Qf3 Rxd5 39. Bg5 Qg6 40. Bxf6 gxf6 41. Qxd5 Qc2 42. Qe4 Qxe4 0-1

[Event "FICGS class E 000079 email"]
[Site "FICGS email"]
[Date "2008.03.30"]
[Round "1"]
[White "Hess, Volker"]
[Black "Gaffagan, Steven"]
[Result "0-1"]
[WhiteElo "1291"]
[BlackElo "1600"]
[PlyCount "52"]
[EventDate "2008.??.??"]
[EventType "tourn (corr)"]
[EventRounds "5"]
[SourceTitle "Corr 2022"]
[Source "ChessBase"]
[SourceDate "2021.10.24"]
[SourceVersion "1"]
[SourceVersionDate "2021.10.24"]
[SourceQuality "1"]

1. e4 c5 2. Nf3 d6 3. d4 cxd4 4. Qxd4 Nf6 5. Nc3 a6 6. Bg5 Nc6 7. Qd2 e6 8. 0-0-0 Be7 9. Bxf6 gxf6 10. Be2 b5 11. h4 b4 12. Nb1 Qb6 13. Nd4 Bb7 14. Rhg1 Rc8 15. Nb3 a5 16. Bg4 Ne5 17. f3 Nxg4 18. fxg4 Bxe4 19. c3 Bxb1 20. Kxb1 bxc3 21. bxc3 a4 22. Ka1 axb3 23. Qb2 Ra8 24. Rd4 Rxa2+ 25. Qxa2 bxa2 26. Kxa2 0-0 0-1

[Event "FICGS class F 000057 email"]
[Site "FICGS email"]
[Date "2008.03.25"]
[Round "1"]
[White "Cook, Phil"]
[Black "Hess, Volker"]
[Result "0-1"]
[WhiteElo "1255"]
[BlackElo "1291"]
[PlyCount "102"]
[EventDate "2008.??.??"]
[EventType "tourn (corr)"]
[EventRounds "5"]
[SourceTitle "Corr 2022"]
[Source "ChessBase"]
[SourceDate "2021.10.24"]
[SourceVersion "1"]
[SourceVersionDate "2021.10.24"]
[SourceQuality "1"]

1. e4 d6 2. d4 Nf6 3. Nc3 g6 4. e5 dxe5 5. dxe5 Qxd1+ 6. Nxd1 Nfd7 7. Nf3 Bg7 8. Bf4 e6 9. Nc3 Nc6 10. Nb5 0-0 11. Nxc7 Rb8 12. 0-0-0 Ndxe5 13. Bd3 Bd7 14. c3 Rbc8 15. Nb5 Nxf3 16. gxf3 e5 17. Be3 Be6 18. Kb1 a6 19. Nd6 Rc7 20. Bc4 Bxc4 21. Nxc4 Re8 22. Rd2 Rd8 23. Rxd8+ Nxd8 24. Nd2 Ne6 25. Rd1 Nf4 26. Bxf4 exf4 27. Nb3 Bf6 28. Nd4 Re7 29. Kc2 Bxd4 30. Rxd4 Re2+ 31. Rd2 Rxd2+ 32. Kxd2 f5 33. a4 Kf8 34. a5 Ke7 35. Kd3 Ke6 36. Kd4 Kd6 37. c4 g5 38. b4 h5 39. b5 g4 40. c5+ Kc7 41. Kc4 h4 42. c6 g3 43. hxg3 h3 44. g4 h2 45. g5 h1Q 46. g6 axb5+ 47. Kxb5 bxc6+ 48. Kc5 Qh6 49. a6 Qxg6 50. a7 Qd6+ 51. Kc4 Kb7 0-1

[Event "FICGS class F 000057 email"]
[Site "FICGS email"]
[Date "2008.03.25"]
[Round "1"]
[White "Hess, Volker"]
[Black "Neil, Charles"]
[Result "1-0"]
[WhiteElo "1291"]
[BlackElo "1208"]
[PlyCount "47"]
[EventDate "2008.??.??"]
[EventType "tourn (corr)"]
[EventRounds "5"]
[SourceTitle "Corr 2022"]
[Source "ChessBase"]
[SourceDate "2021.10.24"]
[SourceVersion "1"]
[SourceVersionDate "2021.10.24"]
[SourceQuality "1"]

1. e4 c5 2. Nf3 Nc6 3. d4 cxd4 4. Nxd4 Nf6 5. Nxc6 bxc6 6. e5 Qa5+ 7. Nc3 Nd5 8. Bd2 e6 9. Be2 Nxc3 10. Bxc3 Qc5 11. 0-0 Be7 12. Kh1 0-0 13. f4 Bb7 14. Bd3 Qb6 15. f5 exf5 16. Bxf5 Rad8 17. Rf3 c5 18. Rh3 Qc6 19. Bxh7+ Kh8 20. Be4+ Kg8 21. Bxc6 Bxc6 22. Qh5 f6 23. Rf1 Bxg2+ 24. Kxg2 1-0

[Event "FICGS theme 0000 email"]
[Site "FICGS email"]
[Date "2008.03.22"]
[Round "1"]
[White "Hess, Volker"]
[Black "Gaffagan, Steven"]
[Result "0-1"]
[WhiteElo "1291"]
[BlackElo "1600"]
[PlyCount "42"]
[EventDate "2008.??.??"]
[EventType "swiss (corr)"]
[EventRounds "1"]
[SourceTitle "Corr 2022"]
[Source "ChessBase"]
[SourceDate "2021.10.24"]
[SourceVersion "1"]
[SourceVersionDate "2021.10.24"]
[SourceQuality "1"]

1. e4 c6 2. d4 d5 3. exd5 cxd5 4. c4 Nf6 5. Nf3 Nc6 6. Bd3 Bg4 7. Be2 dxc4 8. Be3 e6 9. Nc3 Bd6 10. 0-0 0-0 11. Nd2 Bxe2 12. Qxe2 Qb8 13. Nxc4 Bxh2+ 14. Kh1 Bc7 15. Bg5 Nd5 16. Qg4 Bf4 17. Nxd5 Bxg5 18. Qxg5 exd5 19. Ne5 Nxd4 20. Rae1 f6 21. Qf5 Nxf5 0-1

[Event "FICGS no engines 00 email"]
[Site "FICGS email"]
[Date "2008.03.08"]
[Round "1"]
[White "Bakk, Zoltan"]
[Black "Hess, Volker"]
[Result "0-1"]
[WhiteElo "2016"]
[BlackElo "1291"]
[PlyCount "20"]
[EventDate "2008.??.??"]
[EventType "swiss (corr)"]
[EventRounds "1"]
[SourceTitle "Corr 2022"]
[Source "ChessBase"]
[SourceDate "2021.10.24"]
[SourceVersion "1"]
[SourceVersionDate "2021.10.24"]
[SourceQuality "1"]

1. d4 d6 2. Nf3 Nf6 3. c4 g6 4. Nc3 Bg7 5. e4 0-0 6. h3 c5 7. d5 e6 8. Bd3 Nbd7 9. 0-0 e5 10. Nb5 Nb6 0-1

[Event "FICGS no engines 00 email"]
[Site "FICGS email"]
[Date "2008.03.08"]
[Round "1"]
[White "Hess, Volker"]
[Black "Trigance, Emile"]
[Result "1/2-1/2"]
[WhiteElo "1291"]
[BlackElo "1600"]
[PlyCount "61"]
[EventDate "2008.??.??"]
[EventType "swiss (corr)"]
[EventRounds "1"]
[SourceTitle "Corr 2022"]
[Source "ChessBase"]
[SourceDate "2021.10.24"]
[SourceVersion "1"]
[SourceVersionDate "2021.10.24"]
[SourceQuality "1"]

1. e4 e6 2. d4 d5 3. Nc3 Bb4 4. e5 c5 5. Nf3 Nc6 6. Bb5 Bd7 7. Bxc6 Bxc6 8. 0-0 Ne7 9. Ng5 h6 10. Nf3 Nf5 11. a3 Bxc3 12. bxc3 cxd4 13. cxd4 Qb6 14. c3 Rc8 15. Ne1 0-0 16. Nd3 Rc7 17. Nc5 a6 18. g4 Ne7 19. g5 Nf5 20. gxh6 Nxh6 21. Bxh6 gxh6 22. Qg4+ Kh7 23. Qh4 Qb2 24. Kh1 Qe2 25. Rg1 Qf3+ 26. Rg2 Rg8 27. Rag1 Rxg2 28. Rxg2 Qd1+ 29. Rg1 Qf3+ 30. Rg2 Qd1+ 31. Rg1 1/2-1/2

[Event "FICGS class E 000076 email"]
[Site "FICGS email"]
[Date "2008.02.27"]
[Round "1"]
[White "Denchev, Stanimir"]
[Black "Hess, Volker"]
[Result "1-0"]
[WhiteElo "1595"]
[BlackElo "1319"]
[PlyCount "63"]
[EventDate "2008.??.??"]
[EventType "tourn (corr)"]
[EventRounds "5"]
[SourceTitle "Corr 2022"]
[Source "ChessBase"]
[SourceDate "2021.10.24"]
[SourceVersion "1"]
[SourceVersionDate "2021.10.24"]
[SourceQuality "1"]

1. d4 Nf6 2. f4 g6 3. Nf3 Bg7 4. Nbd2 0-0 5. e4 d6 6. Be2 Na6 7. 0-0 c5 8. d5 Nc7 9. c4 e6 10. Re1 Nh5 11. Nf1 exd5 12. cxd5 Bg4 13. Be3 Nf6 14. N1d2 h5 15. h3 Bc8 16. a4 Re8 17. Qc2 Na6 18. Bxa6 bxa6 19. a5 Rb8 20. Bf2 Bd7 21. Bh4 Qc8 22. Nc4 Bxh3 23. gxh3 Qxh3 24. Nxd6 Qxf3 25. Ra3 Qg4+ 26. Bg3 Red8 27. e5 Nxd5 28. Qc4 Ne7 29. Qxf7+ Kh7 30. Qxe7 Rxb2 31. Qxd8 Qh3 32. Bf2 1-0

[Event "FICGS class E 000076 email"]
[Site "FICGS email"]
[Date "2008.02.27"]
[Round "1"]
[White "Hess, Volker"]
[Black "Orden, Jorge"]
[Result "1-0"]
[WhiteElo "1319"]
[BlackElo "1258"]
[PlyCount "35"]
[EventDate "2008.??.??"]
[EventType "tourn (corr)"]
[EventRounds "5"]
[SourceTitle "Corr 2022"]
[Source "ChessBase"]
[SourceDate "2021.10.24"]
[SourceVersion "1"]
[SourceVersionDate "2021.10.24"]
[SourceQuality "1"]

1. e4 c5 2. Nf3 d6 3. d4 cxd4 4. Qxd4 Nc6 5. Bb5 Bd7 6. Bxc6 Bxc6 7. Nc3 Nf6 8. Bg5 e6 9. 0-0-0 e5 10. Qd2 Qc7 11. Bxf6 gxf6 12. Nd5 Bxd5 13. Qxd5 0-0-0 14. Nh4 Bh6+ 15. Kb1 Rhg8 16. Nf5 Bf8 17. Rd3 Rxg2 18. Rc3 1-0

[Event "FICGS theme 0000 email"]
[Site "FICGS email"]
[Date "2008.02.18"]
[Round "1"]
[White "Hess, Volker"]
[Black "Kalinin, Valery"]
[Result "0-1"]
[WhiteElo "1319"]
[BlackElo "1800"]
[PlyCount "28"]
[EventDate "2008.??.??"]
[EventType "swiss (corr)"]
[EventRounds "1"]
[SourceTitle "Corr 2022"]
[Source "ChessBase"]
[SourceDate "2021.10.24"]
[SourceVersion "1"]
[SourceVersionDate "2021.10.24"]
[SourceQuality "1"]

1. e4 d5 2. exd5 Nf6 3. c4 e6 4. Nc3 exd5 5. cxd5 Nxd5 6. Nf3 Bg4 7. Bc4 Nxc3 8. bxc3 Bd6 9. 0-0 0-0 10. Be2 Re8 11. Re1 Qe7 12. Nd4 Qe5 13. g3 Nc6 14. Nf3 Bxf3 0-1

[Event "FICGS rapid C 000045 email"]
[Site "FICGS email"]
[Date "2008.02.16"]
[Round "1"]
[White "Hess, Volker"]
[Black "Orden, Jorge"]
[Result "1-0"]
[WhiteElo "1319"]
[BlackElo "1258"]
[PlyCount "67"]
[EventDate "2008.??.??"]
[EventType "tourn (rapid)"]
[EventRounds "4"]
[SourceTitle "Corr 2022"]
[Source "ChessBase"]
[SourceDate "2021.10.24"]
[SourceVersion "1"]
[SourceVersionDate "2021.10.24"]
[SourceQuality "1"]

1. e4 c5 2. c3 Nc6 3. Nf3 e5 4. d4 cxd4 5. cxd4 exd4 6. Nxd4 Nf6 7. Nc3 Bb4 8. Nxc6 Bxc3+ 9. bxc3 bxc6 10. Bd3 0-0 11. 0-0 Re8 12. Bg5 d6 13. Re1 h6 14. Bxf6 Qxf6 15. Qc2 g6 16. Re3 a5 17. Rb1 Be6 18. Rf3 Qe5 19. a4 d5 20. exd5 Bxd5 21. Re3 Qg5 22. Be4 f5 23. Bxd5+ Kg7 24. Rxe8 Rxe8 25. Bf3 Re6 26. h3 Qe7 27. c4 Kf7 28. Qb3 h5 29. Kh2 Qd6+ 30. g3 f4 31. Qb7+ Re7 32. Qxc6 Qd3 33. Qd5+ Kf6 34. Qxd3 1-0

[Event "FICGS class F 000054 email"]
[Site "FICGS email"]
[Date "2008.02.14"]
[Round "1"]
[White "Hess, Volker"]
[Black "Dsouza, Stanislaus"]
[Result "1-0"]
[WhiteElo "1319"]
[BlackElo "1367"]
[PlyCount "57"]
[EventDate "2008.??.??"]
[EventType "tourn (corr)"]
[EventRounds "5"]
[SourceTitle "Corr 2022"]
[Source "ChessBase"]
[SourceDate "2021.10.24"]
[SourceVersion "1"]
[SourceVersionDate "2021.10.24"]
[SourceQuality "1"]

1. e4 e5 2. Nf3 Nc6 3. Bb5 a6 4. Ba4 b5 5. Bb3 f6 6. c3 Bc5 7. d4 Nge7 8. dxc5 d6 9. cxd6 cxd6 10. 0-0 Bg4 11. Nbd2 a5 12. Qe1 Ng6 13. a3 Nf4 14. Qe3 Qd7 15. Bd5 Rc8 16. Bxc6 Qxc6 17. Re1 Qc5 18. Qxc5 dxc5 19. Nb3 Nd3 20. Rd1 Nxc1 21. Rdxc1 Bxf3 22. gxf3 a4 23. Na5 Kf7 24. Rd1 Rhd8 25. Nb7 Rxd1+ 26. Rxd1 Kg6 27. Rd5 Rc7 28. Nxc5 Kg5 29. Ne6+ 1-0